00338nam a2200109Ia 4500008004100000020001800041082001200059100002900071245008100100260002300181500002400204260604s9999 xx 000 0 und d a9783031531415 a519 KIV aBjørnar karlsen kivedal 0aApplied Statistics and Econometrics: Basic Topics and Tools with Gretl and R bPalgrave Macmillan aStatistics, Economy